Proceedings : 5-12, July, 1951.
| Corporate Author: | |
|---|---|
| Format: | Conference Proceeding Book |
| Language: | English French German |
| Published: |
The Hague :
M. Nijhoff,
1951.
|
| Subjects: |
MARC
| Tag | First Indicator | Second Indicator | Subfields |
|---|---|---|---|
| LEADER | 00000cam a2200000 4500 | ||
| 001 | in00000044556 | ||
| 005 | 20151007073024.0 | ||
| 008 | 750827s1951 ne a 10000 eng | ||
| 010 | |a 52067992 | ||
| 035 | |a (OCoLC)01576958 | ||
| 035 | |9 AAE8982AM | ||
| 040 | |a DLC |c GAT |d TXA |d UtOrBLW | ||
| 041 | 0 | |a eng |a fre |a ger | |
| 049 | |a TXAM |c [205451] | ||
| 050 | 0 | |a QE581 |b .I5 1951 | |
| 082 | 0 | |a 551.3 | |
| 092 | |a 551.3063 |b I61p, 1951 | ||
| 111 | 2 | |a International Sedimentological Congress |n (3rd : |d 1951 : |c Groningen and Wageningen) | |
| 245 | 1 | 0 | |a Proceedings : |b 5-12, July, 1951. |
| 264 | 1 | |a The Hague : |b M. Nijhoff, |c 1951. | |
| 300 | |a 332 pages : |b illustrations | ||
| 336 | |a text |b txt |2 rdacontent | ||
| 337 | |a unmediated |b n |2 rdamedia | ||
| 338 | |a volume |b nc |2 rdacarrier | ||
| 500 | |a English, French or German. | ||
| 650 | 0 | |a Sedimentation and deposition |v Congresses. | |
| 740 | 0 | |a Sedimentology. | |
| 999 | |a MARS | ||
| 999 | f | f | |s 3eb277c6-60c4-37a7-a9f6-a36c7564e6bb |i 0b2a0b50-9f0f-3358-acfc-689c446ef2c1 |t 0 |
| 952 | f | f | |p ric |a Texas A&M University |b Rellis Campus |c Joint Library Facility |d Remote Storage |t 0 |e QE581 .I5 1951 |h Library of Congress classification |i unmediated -- volume |m A14800951290 |
| 998 | f | f | |a QE581 .I5 1951 |t 0 |l Remote Storage |